Responses for Show #6764 - Thursday, January 30, 2014

Arthur Chu game 3.

Contestants

[<< previous game]

Maura McKenna, a legal technology consultant from Philadelphia, Pennsylvania

Carolyn Collins, an education program manager from Washington, D.C. (whose 1-day cash winnings total $26,800)

Arthur Chu, a compliance analyst and voiceover artist from Broadview Heights, Ohio (whose 2-day cash winnings total $64,000)

[next game >>]

Jeopardy! Round responses

THE TOP 40 A TO Z
HEALTH & NUTRITION
MISSING LINKS
NEWSPAPERS
BLACK & WHITE & READ
ALL OVER
    $200 3
"Abracadabra"

Maura
    $200 14
fiber

Maura
    $200 18
face

Arthur
    $200 7
the deadline

Maura
    $200 28
(Carolyn: What is Moscow?)

St. Petersburg

ArthurCarolyn
    $200 30
the Tigris

Carolyn
    $400 4
"Faith"

Arthur
    $400 15
vegan

Maura
    $400 24
rule

Carolyn
    $400 8
ads

Carolyn
    $400 29
Black Hawk Down

Maura
    $400 27
Wyoming

Triple Stumper
    $600 21
"Hey, Soul Sister"

Maura
    $600 16
LDL

Arthur
    $600 25
tree

Arthur
    $600 9
a tabloid

Arthur
    $600 26
Chicago

Arthur
    $600 20
Taipei

Carolyn
    $800 22
"Xanadu"

Maura
    $800 1
zinc

Arthur
    $800 17
mother

Maura
    $800 12
(Carolyn: What are Communications?)

Circulations

Carolyn
Triple Stumper
    $1,000 11
(Arthur: Who is Hemingway?)
...
(Alex: Remember those two tropics.)

Henry Miller

Arthur
    $800 2
Mali

Carolyn
    $1000 23
"Zombie"

Carolyn
    $1000 13
amino acids

Maura
    $1000 5
power

Arthur
    $1000 6
dummy

Maura
    $1000 10
White Noise

Arthur
    $1000 19
the Ionian Sea

Arthur

Scores at the first commercial break (after clue 15):

Arthur Carolyn Maura
$2,800 $400 $3,000

Scores at the end of the Jeopardy! Round:

Arthur Carolyn Maura
$6,000 $2,400 $5,600

Double Jeopardy! Round responses

KINGS OF ENGLAND NOT BORN IN ENGLAND
NFL STADIUMS
INVENTORS & INVENTIONS
HEY, "PAL"
(Alex: Those three letters will either begin or end a correct response.)
MATH PROBLEMS
CAN'T STOP MESSIN' WITH TEXAS
    $400 16
William the Conqueror

Arthur
    $400 27
Heinz Field

Maura
    $400 17
a Q-tip

Arthur
    $400 1
principal

Arthur
    $400 13
48

Maura
    $400 6
(Carolyn: What is Houston?)

Dallas

CarolynMaura
    $800 21
Charles I

Arthur
    $800 28
the Jets & the Giants

Maura
    $800 18
(Scotch) tape

Carolyn
    $800 15
palooka

Arthur
    $800 22
15 minutes

Arthur
    $800 7
Laura Bush

Arthur
    $1,000 24
George I

Arthur
    $1200 29
Tampa Bay Buccaneers

Maura
    $1200 19
IBM

Maura
    $1200 20
municipal

Arthur
    $1200 23
(Maura: What is 49?)
(Carolyn: What is 48?)

60

CarolynMaura
Triple Stumper
    $1200 14
Sam Houston

Carolyn
    $1600 2
Bordeaux

Arthur
    $1600 9
the Georgia Dome

Triple Stumper
    $1600 3
cork

Arthur
    $3,000 12
the Episcopal Church

Arthur
    $1600 4
(Arthur: What is $1,000?)
(Maura: What is...)

$250

ArthurMaura
Triple Stumper
    $1600 25
Dell

Arthur
    $2000 10
Edward

Arthur
    $2000 30
Ford Field

Triple Stumper
    $2000 8
a Segway

Arthur
    $2000 11
a pallet

Triple Stumper
    $2000 26
(Maura: What is $1800?)
(Arthur: What is $18,000?)
...
(Alex: What is [*]? There are 9 square feet in a yard. Remember that.)
(Arthur: Ohhh.)
(Alex: Less than a minute to go. Yes. "Oh". That's how we catch you on MATH PROBLEMS.)

$200

ArthurMaura
Triple Stumper
    $2000 5
Larry McMurtry

Maura

Scores at the end of the Double Jeopardy! Round:

Arthur Carolyn Maura
$20,800 $2,800 $7,200
(lock game)

[wagering suggestions for these scores]

Final Jeopardy! Round responses

COMEDIC ACTRESSES
(Alex: [To Maura] For Seinfeld, the Veep, and The New Adventures of Old Christine.)
...
(Alex: [To Arthur] Is he gonna hit the $100,000 mark tomorrow as we wrap up the week? Tune in and find out.)
CarolynWho is Tina Fey?
$2,800
MauraWho is Julia Louis Dreyfus
$1,599
ArthurWho is Mary Tyler Moore
$2,000
Julia Louis-Dreyfus

Final scores:

Arthur Carolyn Maura
$18,800 $0 $8,799
3-day champion: $82,800 3rd place: $1,000 2nd place: $2,000

Game dynamics:

Coryat scores:

Arthur Carolyn Maura
$20,600 $2,800 $7,200
26 R
(including 2 DDs),
3 W
(including 1 DD)
8 R,
4 W
17 R,
3 W

Combined Coryat: $30,600

[game clues] [game scores] [suggest correction]

Game tape date: 2013-11-13
The J! Archive is created by fans, for fans. Scraping, republication, monetization, and malicious use prohibited; this site may use cookies and collect identifying information. See terms. The Jeopardy! game show and all elements thereof, including but not limited to copyright and trademark thereto, are the property of Jeopardy Productions, Inc. and are protected under law. This website is not affiliated with, sponsored by, or operated by Jeopardy Productions, Inc. Join the discussion at JBoard.tv.